000 00578 a2200217 4500
003 43659
005 20250930210105.0
008 250930b |||||||| |||| 00| 0 eng d
022 _a2276-755x
040 _cNile University of Nigeria, Abuja.
_erda
050 _aK 60 .N5
082 _aK 60 .N5
245 _aNAILS JOURNAL OF ENVIROMENTAL LAW
250 _aVol1-6,2014/2020.
260 _aAbuja
_bNAILS PRESS
_c2011/2020
264 _aAbuja
_bNAILS PRESS
_c2011/2020
300 _bv, 370pg., 35 cm
336 _2rdacontent
338 _2rdacarrier
942 _2lcc
_cSERIAL
999 _c43659
_d43659